ا نتخا ب ظفر (Record no. 175969)

MARC details
000 -LEADER
fixed length control field 00674nam a22001937a 4500
005 - DATE AND TIME OF LATEST TRANSACTION
control field 20201015160202.0
010 ## - LCCN (DPL NO)
LC control number UR-10891
020 ## - INTERNATIONAL STANDARD BOOK NUMBER
Terms of availability 250.00
International Standard Book Number 9789389733693
035 ## - SYSTEM CONTROL NUMBER
System control number U-9446
037 ## - SOURCE OF ACQUISITION
Source of stock number/acquisition DBAD/PUB
082 ## - DEWEY DECIMAL CLASSIFICATION NUMBER
Classification number 841
100 ## - MAIN ENTRY--PERSONAL NAME
Personal name سا جد حسين ا نصا ری
245 ## - TITLE STATEMENT
Title ا نتخا ب ظفر
Statement of responsibility, etc سا جد حسين ا نصا ری
246 ## - VARYING FORM OF TITLE
Remainder of title Intekhab-e-Zafar (Urdu)
Title proper/short title by Sajid Husain Ansari
260 ## - PUBLICATION, DISTRIBUTION, ETC. (IMPRINT)
Place of publication, distribution, etc N.Delhi
Name of publisher, distributor, etc Educational Publishing House
Date of publication, distribution, etc 2020 ء
270 ## - ADDRESS
Address H.O.D1/16,Ansari Road,Darya ganj,
City N.Delhi
Postal code 110002
Telephone number 45678285,23216162
Fax number 0091-11-23211540
300 ## - PHYSICAL DESCRIPTION
Extent 186 ص
Dimensions 22 Cm(Hb)
942 ## - ADDED ENTRY ELEMENTS (KOHA)
Source of classification or shelving scheme Dewey Decimal Classification
Item type Urdu Bks
Classification part 841
Call number suffix ا ن ص
Holdings
Withdrawn status Lost status Not for loan Collection code Home library Current library Date acquired Source of acquisition Cost, normal purchase price Full call number Barcode Copy number Cost, replacement price Koha item type
      Non-fiction D.B.Act.Division D.B.Act.Division 15/10/2020 DBAD/PUB 250.00 841 ا ن ص U-9446 1 250.00 Urdu Bks

© Delhi Public Library
Hit Counter
free hit counter